Economía y cultura /

Obra en que se examina la relación entre economía y cultura, a partir de la teoría del valor, tanto desde la dimensión económica de la cultura como del contexto cultural de la economía; desarrolla las nociones paralelas de valor económico y valor cultura como dos de las mayores fuerzas que conforman...

詳細記述

保存先:
書誌詳細
第一著者: Throsby, C.D (autor)
フォーマット: 図書
言語:スペイン語
出版事項: Madrid, España : Cambridge University, 2001, c2001
シリーズ:(Economía Cambridge University)
主題:
タグ: タグ追加
タグなし, このレコードへの初めてのタグを付けませんか!

MARC

LEADER 00000nam^a2200000^a^4500
001 000182484
005 20250521000000.0
009 20260310102007.476
020 |a 84-8323-219-7 
037 |a Acervo ITESO - Biblioteca 
041 |a ESP 
082 |a 306. 3  |b THR 
100 |a Throsby, C.D.  |e (autor) 
245 1 0 |a Economía y cultura /  |c C.D. Throsby ; tr. por Cristina Piña Aldao y María Cóndor Orduña. 
264 4 |a Madrid, España :  |b Cambridge University,  |c 2001, c2001 
300 |a 223 p. 
336 |a texto  |b txt  |2 rdacontenido 
337 |a sin mediación  |b n  |2 rdamedio 
338 |a volumen  |b nc  |2 rdasoporte 
440 1 |a (Economía Cambridge University) 
500 |a Traducción de: Economics and Culture 
520 |a Obra en que se examina la relación entre economía y cultura, a partir de la teoría del valor, tanto desde la dimensión económica de la cultura como del contexto cultural de la economía; desarrolla las nociones paralelas de valor económico y valor cultura como dos de las mayores fuerzas que conforman la conducta humana. 
649 |a XX 
650 |a Valor (Economía) 
650 |a Valoración Patrimonial e Histórica -  |x Aspectos Económicos 
650 |a Creatividad -  |x Aspectos Económicos 
650 |a Industria Cultural 
650 |a Política Cultural -  |x Aspectos Económicos 
650 |a Capital Cultural 
650 |a Cambios Sociales y Culturales -  |x Aspectos Económicos 
650 |a Desarrollo Económico-Social -  |x Aspectos Sociales y Culturales 
650 |a Globalización -  |x Aspectos Sociales y Culturales 
650 |a Cultura -  |x Aspectos Económicos 
650 |a Sociología de la Cultura 
650 |a Sociología de la Economía 
650 |a Economía -  |x Historia 
910 |a Fondo General 
920 |a Impresos - Libros 
930 |a Colección General 
905 |a 101 
901 |a 0500122152  |b IT1  |c ACC  |u 20250521 
901 |a 0500228451  |b IT1  |c ACC  |i C139817  |u 20250521 
902 |a https://opac.biblio.iteso.mx/vufind/Record/000182484